Grandes hitos de la historia de la novela euroamericana / (رقم التسجيلة. 135889)

تفاصيل مارك
000 -LEADER
fixed length control field 01304cam a22003494a 4500
008 - FIXED-LENGTH DATA ELEMENTS--GENERAL INFORMATION
fixed length control field 040114m20039999sp a b 001 0 spa
010 ## - LIBRARY OF CONGRESS CONTROL NUMBER
LC control number 2005394279
020 ## - INTERNATIONAL STANDARD BOOK NUMBER
International Standard Book Number 8437621038
020 ## - INTERNATIONAL STANDARD BOOK NUMBER
International Standard Book Number 9788437627113 (v. 2)
040 ## - CATALOGING SOURCE
Original cataloging agency DLC
Transcribing agency DLC
Modifying agency DLC
050 00 - LIBRARY OF CONGRESS CALL NUMBER
Classification number PN3458
Item number .B73 2003
082 00 - DEWEY DECIMAL CLASSIFICATION NUMBER
Classification number 809.3
Edition number 22
092 04 - LOCALLY ASSIGNED DEWEY CALL NUMBER (OCLC)
Classification number 809.3
Item number B8264
Edition number 21
099 ## - LOCAL FREE-TEXT CALL NUMBER (OCLC)
Classification number 04
-- 809.3 B8264
100 1# - MAIN ENTRY--PERSONAL NAME
Personal name Bravo Castillo, Juan,
Dates associated with a name 1948-
245 10 - TITLE STATEMENT
Title Grandes hitos de la historia de la novela euroamericana /
Statement of responsibility, etc. Juan Bravo Castillo ; prâologo de Javier del Prado.
250 ## - EDITION STATEMENT
Edition statement 1a. ed.
260 ## - PUBLICATION, DISTRIBUTION, ETC.
Place of publication, distribution, etc. Madrid :
Name of publisher, distributor, etc. Câatedra,
Date of publication, distribution, etc. 2003-<2010>
300 ## - PHYSICAL DESCRIPTION
Extent v. <1-2> :
Other physical details ill. ;
Dimensions 21 cm.
440 #0 - SERIES STATEMENT/ADDED ENTRY--TITLE
Title Crâitica y estudios literarios
504 ## - BIBLIOGRAPHY, ETC. NOTE
Bibliography, etc. note Includes bibliographical references and indexes.
505 1# - FORMATTED CONTENTS NOTE
Formatted contents note v. 1. Desde sus inicios hasta el Romanticismo -- v. 2. El siglo XIX
590 ## - LOCAL NOTE (RLIN)
Local note Library has v.2 only.
650 #0 - SUBJECT ADDED ENTRY--TOPICAL TERM
Topical term or geographic name entry element Fiction
General subdivision History and criticism.
856 41 - ELECTRONIC LOCATION AND ACCESS
Materials specified Table of contents only
Uniform Resource Identifier <a href="http://www.loc.gov/catdir/enhancements/fy0836/2005394279-t.html">http://www.loc.gov/catdir/enhancements/fy0836/2005394279-t.html</a>
856 42 - ELECTRONIC LOCATION AND ACCESS
Materials specified Publisher description
Uniform Resource Identifier <a href="http://www.loc.gov/catdir/enhancements/fy0836/2005394279-d.html">http://www.loc.gov/catdir/enhancements/fy0836/2005394279-d.html</a>
902 ## - LOCAL DATA ELEMENT B, LDB (RLIN)
No. of Items 2
905 ## - LOCAL DATA ELEMENT E, LDE (RLIN)
Cataloger Jamal
Reviser Rev.
905 ## - LOCAL DATA ELEMENT E, LDE (RLIN)
Cataloger Jihan
Reviser Cat.
942 ## - ADDED ENTRY ELEMENTS (KOHA)
Source of classification or shelving scheme Dewey Decimal Classification
Koha item type Books
المقتنيات
Source of classification or shelving scheme Not for loan Home library Current library Date acquired Full call number Barcode Date last seen Copy number Koha item type
Dewey Decimal Classification   المكتبة المركزبة الجديدة - جامعة القاهرة قاعة الثقاقات الاجنبية - الدور الثالث 11.02.2024 809.3 B8264 v.2 c.1 Spa. 01000116005053002 05.07.2024 C.1 Books
Dewey Decimal Classification   المكتبة المركزبة الجديدة - جامعة القاهرة قاعة الثقاقات الاجنبية - الدور الثالث 11.02.2024 809.3 B8264 v.2 c.2 Spa. 01000116005054002 05.07.2024   Books
Cairo University Libraries Portal Implemented & Customized by: Eng. M. Mohamady Contacts: new-lib@cl.cu.edu.eg | cnul@cl.cu.edu.eg
CUCL logo CNUL logo
© All rights reserved — Cairo University Libraries
CUCL logo
Implemented & Customized by: Eng. M. Mohamady Contact: new-lib@cl.cu.edu.eg © All rights reserved — New Central Library
CNUL logo
Implemented & Customized by: Eng. M. Mohamady Contact: cnul@cl.cu.edu.eg © All rights reserved — Cairo National University Library